Statistics for Countries with 2 or more words - WITH HINTS

Click here to take the quiz!

General Stats

  • This quiz has been taken 266 times
    (174 since last reset)
  • The average score is 24 of 38

Answer Stats

HintAnswer% Correct
Consists of 2 islands in the Caribbean; capital is St. John'sAntigua and Barbuda
85%
Shares an island with HaitiDominican Republic
84%
Central European country, formerly twinned up with SlovakiaCzech Republic
83%
Communist country whose 'supreme leader' was Kim Il-SungNorth Korea
82%
The Kiwi is their national birdNew Zealand
81%
Central American country bordered by PanamaCosta Rica
80%
Volcanic archipelago off the coast of west AfricaCape Verde
77%
Shares the island of New Guinea and is the closest country to AustraliaPapua New Guinea
77%
Country whose capital is where Archduke Franz Ferdinand was assasinatedBosnia and Herzegovina
76%
Also known as Côte D'ivoireIvory Coast
76%
Formerly known as ZaireDemocratic Republic of the Congo
74%
Enclaved by Italy and supposedly is the oldest nation in the worldSan Marino
74%
Known as the birthplace of Islam where the annual Hajj pilgrimage is heldSaudi Arabia
72%
More often known as 3 letters and home to the Burj Khalifa towerUnited Arab Emirates
70%
The smallest country in the worldVatican City
70%
Central American country involved in the Football War of 1969El Salvador
69%
Suffered apartheid from 1948 to 1994South Africa
69%
Founded on July 4th 1776United States of America
67%
Youngest country in the world which gained independence in 2011South Sudan
64%
Group of 607 islands in the western Pacific OceanFederated States of Micronesia
63%
2nd smallest country which is part of Africa & the smallest country which speaks PortugueseSao Tome and Principe
62%
Formerly known as CeylonSri Lanka
61%
Single island nation in the Caribbean shaped like a mango or avocadoSaint Lucia
60%
A single island with a chain of smaller islands in the Caribbean which gained independence in 1979Saint Vincent and the Grenadines
60%
Country on the west coast of Africa home to the infamous 'Blood Diamond' tradeSierra Leone
60%
Sometimes referred to as the border between Asia and OceaniaEast Timor
59%
The only country in Africa which speaks SpanishEquatorial Guinea
58%
A nation of hundreds of islands in the Pacific Ocean to the east of the island of New GuineaSolomon Islands
58%
2 island nation in the Caribbean which is 11km off the South American coastTrinidad and Tobago
58%
This country's empire once spanned across 25% of the globeUnited Kingdom of Great Britain and Northern Ireland
58%
Formerly known as Upper VoltaBurkina Faso
52%
Country on the west coast of Africa home to the Orango Islands National Park with the capital of this country in it's nameGuinea-Bissau
52%
2 island country in the West Indies known as 'The Mother Colony of the West Indies' and the 7th smallest country in the worldSaint Kitts and Nevis
49%
Former colony of France before it (and Chad) gained independence in 1960Central African Republic
48%
Island country in 'free association' with the USA located in the Pacific Ocean near the equatorMarshall Islands
46%
Syngman Rhee established this capitalist country in 1953 with backing from the USASouth Korea
41%
Landlocked country in the Balkans bordered by 4 UN members. Gained independence in 1991Macedonia (FYROM)
37%
Former French colony in central Africa shares part of its name with bordering countryRepublic of the Congo
35%

Score Distribution

Percentile by Number Answered

Percent of People with Each Score

Your Score History

You have not taken this quiz since the last reset